|
|
|
|
| LEADER |
00000nam a2200000Ii 4500 |
| 001 |
DIGEDUSTA130 |
| 003 |
NyNyDIG |
| 008 |
210906s2020 ck a ob 000 0 spa d |
| 006 |
m o d |
| 007 |
cr ||||||||||| |
| 035 |
|
|
|a (OCoLC)1162559701
|
| 040 |
|
|
|a DGITA
|b eng
|e rda
|e pn
|c DGITA
|
| 020 |
|
|
|a 9789587822809
|q eBook
|q ePub
|
| 020 |
|
|
|z 9789587822793
|
| 050 |
1 |
4 |
|a BV4630 ebook
|
| 082 |
0 |
4 |
|a 241.4
|
| 245 |
0 |
3 |
|a La doctrina de la virtud :
|b posibilidades para la teología contemporánea /
|c Franklin Buitrago Rojas, O.P. [and 3 others]
|
| 250 |
|
|
|a Primera edición.
|
| 264 |
|
1 |
|a Bogotá, D.C., Colombia :
|b Ediciones USTA, Universidad Santo Tomás,
|c 2020.
|
| 300 |
|
|
|a 1 online resource :
|b illustrations.
|
| 336 |
|
|
|a text
|b txt
|2 rdacontent
|
| 336 |
|
|
|a still image
|2 rdacontent
|
| 337 |
|
|
|a computer
|b c
|2 rdamedia
|
| 338 |
|
|
|a online resource
|b cr
|2 rdacarrier
|
| 347 |
|
|
|a text file
|2 rdaft
|
| 347 |
|
|
|b EPUB
|
| 504 |
|
|
|a Includes bibliographical references.
|
| 588 |
0 |
|
|a Online resource; title from ePub title page (Digitalia, viewed September 6, 2021)
|
| 650 |
|
0 |
|a Theological virtues.
|
| 650 |
|
0 |
|a Spiritual life.
|
| 650 |
|
0 |
|a Faith (Religion)
|
| 655 |
|
0 |
|a Electronic books.
|
| 700 |
1 |
|
|a Buitrago Rojas, Franklin,
|d 1980-
|e author.
|
| 791 |
2 |
|
|a Digitalia (Firm),
|e distributor.
|
| 793 |
0 |
|
|g Digitalia eBook Collection:
|a Ediciones USTA
|
| 776 |
0 |
8 |
|i Print version:
|t Doctrina de la virtud.
|b Primera edición.
|d Bogotá, D.C., Colombia : Ediciones USTA, Universidad Santo Tomás, 2020
|z 9789587822793
|
| 856 |
4 |
0 |
|3 Digitalia Hispánica
|u https://www.digitaliapublishing.com/a/80576/
|
| 910 |
|
|
|a Premium collection: 2021
|